[Event "Nationale I"]
[Site "Bordeaux"]
[Date "2011.11.13"]
[Round "3.3"]
[White "Bujisho, Benjamin"]
[Black "Velikov, Petar"]
[Result "0-1"]
[WhiteElo "2386"]
[BlackElo "2417"]
[PlyCount "84"]
[EventDate "2011.11.12"]
[EventType "team"]
[EventCountry "FRA"]
[SourceDate "2011.11.20"]
[WhiteTeam "La Membrolle Choisille"]
[BlackTeam "Migné Auxences"]

1. e4 c5 2. Nc3 Nc6 3. g3 g6 4. Bg2 Bg7 5. d3 e6 6. Be3 d6 7. Qd2 Rb8 8. Nge2
Nd4 9. O-O Ne7 10. Nc1 O-O 11. Nd1 b6 12. c3 Ndc6 13. Bh6 d5 14. Bxg7 Kxg7 15.
exd5 Nxd5 16. Ne3 Nxe3 17. Qxe3 Bb7 18. Ne2 Qf6 19. Rad1 Rfd8 20. h3 h5 21.
Rfe1 Ne7 22. Qf4 Bxg2 23. Qxf6+ Kxf6 24. Kxg2 Nc6 25. d4 cxd4 26. Nxd4 Nxd4 27.
cxd4 Rbc8 28. Rd2 Rd5 29. Red1 Ke7 30. Kf3 Kd6 31. Ke3 Ra5 32. a3 Rb5 33. b4 a5
34. bxa5 bxa5 35. Rd3 Kd5 36. h4 Rc2 37. f3 a4 38. g4 hxg4 39. fxg4 Rh2 40. Kf4
Rxh4 41. Kg5 Rh2 42. Rf3 Ke4+ 0-1

[Event "Nationale I"]
[Site "Bordeaux"]
[Date "2011.11.13"]
[Round "3.4"]
[White "Bedouin, Xavier"]
[Black "Saucey, Michel"]
[Result "1-0"]
[WhiteElo "2404"]
[BlackElo "2247"]
[PlyCount "87"]
[EventDate "2011.11.12"]
[EventType "team"]
[EventCountry "FRA"]
[SourceDate "2011.11.20"]
[WhiteTeam "Migné Auxences"]
[BlackTeam "La Membrolle Choisille"]

1. d4 d5 2. c4 e6 3. Nf3 c5 4. cxd5 exd5 5. Nc3 Nc6 6. g3 Nf6 7. Bg2 Be7 8. O-O
O-O 9. dxc5 Bxc5 10. Na4 Be7 11. Be3 Bf5 12. Rc1 Be4 13. Nc5 Bxc5 14. Bxc5 Re8
15. e3 Qd7 16. Qb3 b6 17. Bd4 Bxf3 18. Bxf3 Nxd4 19. exd4 Ne4 20. Rc2 h6 21.
Rfc1 Qf5 22. Kg2 Rad8 23. Rc7 Qf6 24. Bxe4 Rxe4 25. Rxa7 Rxd4 26. Rcc7 Rf8 27.
Qc3 b5 28. Rab7 b4 29. Rxb4 Rxb4 30. Qxb4 d4 31. Qc4 Rd8 32. Qd3 Qb6 33. Rc2
Qb7+ 34. f3 Qd5 35. b4 h5 36. a4 h4 37. g4 Re8 38. Rc4 Rd8 39. b5 g6 40. Kh3
Qe5 41. b6 Qd5 42. Rb4 Qc5 43. Rb5 Qc6 44. a5 1-0

[Event "Nationale I"]
[Site "Bordeaux"]
[Date "2011.11.13"]
[Round "3.5"]
[White "Loiret, Stanislas"]
[Black "Picard, Romain"]
[Result "0-1"]
[WhiteElo "2270"]
[BlackElo "2353"]
[PlyCount "152"]
[EventDate "2011.11.12"]
[EventType "team"]
[EventCountry "FRA"]
[SourceDate "2011.11.20"]
[WhiteTeam "La Membrolle Choisille"]
[BlackTeam "Migné Auxences"]

1. e4 e6 2. d4 d5 3. exd5 exd5 4. Nf3 Nc6 5. Bb5 Bd6 6. c4 dxc4 7. O-O Nge7 8.
Nbd2 O-O 9. Bxc4 Bg4 10. h3 Bh5 11. Be2 Rb8 12. Nb3 Re8 13. Ng5 Bxe2 14. Qxe2
h6 15. Nf3 Ng6 16. Qc4 Qf6 17. Nc5 Bxc5 18. Qxc5 Red8 19. Be3 Nge7 20. Ne5 Rd5
21. Qc3 Rbd8 22. Nxc6 Nxc6 23. Rac1 R8d7 24. Rfd1 Nd8 25. Qa3 a6 26. Qb3 Rb5
27. Qc2 c6 28. Rd2 Ne6 29. Qe4 Rbd5 30. Rcd1 Qf5 31. f3 Qf6 32. b4 Qe7 33. a3
a5 34. Rb1 axb4 35. Rxb4 f5 36. Qc2 Qf7 37. Qb2 f4 38. Bf2 Nd8 39. Re2 Ne6 40.
a4 Rf5 41. Re5 Rxe5 42. dxe5 Qe7 43. Kh2 Kh8 44. Qb1 Qf7 45. a5 g6 46. Qe4 Rd2
47. Be1 Rd5 48. Qb1 Rd7 49. Bc3 Kh7 50. Qe4 Qf5 51. Qxf5 gxf5 52. Kg1 Kg6 53.
Kf2 Rd3 54. Be1 Nc5 55. Rc4 Rd5 56. Kf1 Rxe5 57. Bc3 Rd5 58. Rxf4 Nb3 59. Ra4
Rd3 60. Be1 Nc5 61. Rc4 Na6 62. Ke2 Rd5 63. Bc3 Nc7 64. Ra4 Nb5 65. Rc4 Nxc3+
66. Rxc3 Rxa5 67. Rb3 Re5+ 68. Kf2 b5 69. Kg3 Rc5 70. Kf4 Rc4+ 71. Ke5 f4 72.
Rd3 b4 73. Rd6+ Kg5 74. h4+ Kxh4 75. Rg6 b3 76. Rg4+ Kh5 0-1

[Event "Nationale I"]
[Site "Bordeaux"]
[Date "2011.11.13"]
[Round "3.6"]
[White "Fougerit, Valentin"]
[Black "Egreteau, Eric"]
[Result "1-0"]
[WhiteElo "2212"]
[BlackElo "2110"]
[PlyCount "119"]
[EventDate "2011.11.12"]
[EventType "team"]
[EventCountry "FRA"]
[SourceDate "2011.11.20"]
[WhiteTeam "Migné Auxences"]
[BlackTeam "La Membrolle Choisille"]

1. e4 d6 2. Bc4 e5 3. d3 Nf6 4. Nf3 Be7 5. O-O c6 6. Re1 O-O 7. Bb3 Nbd7 8. c3
Nc5 9. Bc2 Qc7 10. d4 Ne6 11. Nbd2 Rd8 12. Nf1 a5 13. Ng3 g6 14. h3 Kh8 15. Nh2
c5 16. d5 Ng7 17. Be3 Rf8 18. c4 Bd7 19. a3 Qc8 20. Rb1 a4 21. Ne2 Qc7 22. Nc3
Qa5 23. b4 axb3 24. Rxb3 Qc7 25. Qb1 Bc8 26. Nb5 Qd7 27. Rf1 Nfh5 28. Qd1 f5
29. exf5 Nxf5 30. Bc1 Nd4 31. Nxd4 cxd4 32. Bh6 Rf7 33. f4 Bf6 34. Ng4 Qe7 35.
Nxf6 Qxf6 36. f5 Ng7 37. fxg6 Qxf1+ 38. Qxf1 Rxf1+ 39. Kxf1 hxg6 40. Bxg6 Nf5
41. Bc1 Ra4 42. Rb4 Ra7 43. g4 Ne7 44. Be4 Bd7 45. Kg2 Kg7 46. Kg3 Ba4 47. h4
Bd1 48. h5 Ng8 49. Kh4 Nf6 50. Bf5 e4 51. h6+ Kf7 52. g5 e3 53. gxf6 Kxf6 54.
h7 Ra8 55. Bd3 e2 56. Bd2 Kg7 57. Rxb7+ Kh8 58. Kg5 Re8 59. Kg6 Rf8 60. Bh6 1-0

[Event "Nationale I"]
[Site "Bordeaux"]
[Date "2011.12.13"]
[Round "3.7"]
[White "Vilain, Thomas"]
[Black "Picard, Clement"]
[Result "1-0"]
[WhiteElo "1854"]
[BlackElo "2189"]
[PlyCount "55"]
[EventDate "2011.11.12"]
[EventType "team"]
[EventCountry "FRA"]
[SourceDate "2011.11.20"]
[WhiteTeam "La Membrolle Choisille"]
[BlackTeam "Migné Auxences"]

1. e4 e6 2. d4 d5 3. e5 c5 4. c3 Qb6 5. Nf3 Nc6 6. Bd3 cxd4 7. cxd4 Bd7 8. O-O
Nb4 9. Nc3 Nxd3 10. Qxd3 Ne7 11. Re1 Nf5 12. a3 Be7 13. Bf4 Rc8 14. Re2 Rc4 15.
Rd1 O-O 16. g4 Nh4 17. Nxh4 Bxh4 18. g5 Qd8 19. Qe3 f6 20. gxf6 gxf6 21. Bh6
Rf7 22. f4 f5 23. Rg2+ Kh8 24. Kh1 Qb6 25. Qh3 Be7 26. Rdg1 Rc8 27. Bg7+ Rxg7
28. Rxg7 1-0

[Event "Nationale I"]
[Site "Bordeaux"]
[Date "2011.11.13"]
[Round "3.8"]
[White "Boulan, Laura"]
[Black "Saucey, Capucine"]
[Result "1-0"]
[WhiteElo "2007"]
[BlackElo "1850"]
[PlyCount "65"]
[EventDate "2011.11.12"]
[EventType "team"]
[EventCountry "FRA"]
[SourceDate "2011.11.20"]
[WhiteTeam "Migné Auxences"]
[BlackTeam "La Membrolle Choisille"]

1. e4 e5 2. Nf3 Nc6 3. Bc4 Bc5 4. c3 Nf6 5. d3 h6 6. O-O O-O 7. Nbd2 d6 8. Bb3
Be6 9. Nc4 Bxc4 10. Bxc4 Bb6 11. Bb3 Re8 12. h3 d5 13. Qe2 d4 14. Nh4 Ne7 15.
Qf3 Qd6 16. Kh1 dxc3 17. bxc3 Rad8 18. Bc4 Kh8 19. Bxf7 Rf8 20. Bc4 Nfd5 21.
Qg3 Nxc3 22. Be3 Ne2 23. Qg4 Nf4 24. Rad1 g5 25. Nf3 Neg6 26. g3 Bxe3 27. fxe3
Ne2 28. Nxg5 Nxg3+ 29. Qxg3 hxg5 30. Qxg5 Kg7 31. Rf5 Qd7 32. Rg1 Qc6 33. Qe7+
1-0

[Event "Nationale I"]
[Site "Bordeaux"]
[Date "2011.11.13"]
[Round "3.2"]
[White "Prie, Eric"]
[Black "Heurtebize, Olivier"]
[Result "1-0"]
[WhiteElo "2490"]
[BlackElo "2278"]
[PlyCount "75"]
[EventDate "2011.11.12"]
[EventType "team"]
[EventCountry "FRA"]
[SourceDate "2011.11.20"]
[WhiteTeam "Echiquier Bordelais"]
[BlackTeam "Tours"]

1. d4 d5 2. Bf4 Nf6 3. e3 g6 4. Nd2 Bg7 5. c3 Nbd7 6. h3 c5 7. Ngf3 O-O 8. a4
b6 9. Be2 e6 10. O-O Qe7 11. a5 Bb7 12. Qa4 Rfc8 13. b4 Ne4 14. Nxe4 dxe4 15.
Ne5 Nxe5 16. dxe5 cxb4 17. cxb4 Qc7 18. Rfd1 Bd5 19. Ba6 Rf8 20. Rac1 Qb8 21.
Qa1 Rd8 22. Qc3 g5 23. Bxg5 Bxe5 24. Qc2 f6 25. Bh6 bxa5 26. Qe2 Kh8 27. bxa5
Qb4 28. Qh5 Rg8 29. Qf7 Rg6 30. Rc8+ Rxc8 31. Bxc8 Qd6 32. Bf8 Qc7 33. Bd7 Bh2+
34. Kh1 Be5 35. Be7 Qb8 36. Bxe6 Rg8 37. Bxf6+ Bxf6 38. Qxf6+ 1-0

[Event "Nationale I"]
[Site "Bordeaux"]
[Date "2011.11.13"]
[Round "3.3"]
[White "Giacomini, Hector"]
[Black "Boudre, Jean Pierre"]
[Result "0-1"]
[WhiteElo "2281"]
[BlackElo "2294"]
[PlyCount "82"]
[EventDate "2011.11.12"]
[EventType "team"]
[EventCountry "FRA"]
[SourceDate "2011.11.20"]
[WhiteTeam "Tours"]
[BlackTeam "Echiquier Bordelais"]

1. d4 d5 2. Nf3 Nf6 3. c4 c6 4. Qc2 dxc4 5. Qxc4 Bf5 6. Bf4 Nbd7 7. e3 Qb6 8.
Qb3 Bxb1 9. Rxb1 Qxb3 10. axb3 e6 11. Bd3 Be7 12. h3 O-O 13. O-O Rad8 14. Rfd1
c5 15. Bc7 Rc8 16. Ba5 cxd4 17. Nxd4 Bc5 18. Be2 Bxd4 19. Rxd4 Nc5 20. Bd1 b6
21. Be1 Rfd8 22. Bf3 Ra8 23. Rxd8+ Rxd8 24. Rd1 Rxd1 25. Bxd1 Nd5 26. Bc2 a5
27. Kf1 Kf8 28. Ke2 h6 29. g3 e5 30. f3 Ke7 31. e4 Nb4 32. Bd1 Kd6 33. Bc3 f6
34. Ke3 Nc6 35. f4 b5 36. b4 axb4 37. Be1 Na4 38. b3 Nc3 39. Bh5 Nd4 40. Bf7
Nc2+ 41. Kd2 Nxe1 0-1

[Event "Nationale I"]
[Site "Bordeaux"]
[Date "2011.11.13"]
[Round "3.4"]
[White "Guidez, Yann Michael"]
[Black "Dieu, Bruno"]
[Result "1/2-1/2"]
[WhiteElo "2253"]
[BlackElo "2285"]
[PlyCount "50"]
[EventDate "2011.11.12"]
[EventType "team"]
[EventCountry "FRA"]
[SourceDate "2011.11.20"]
[WhiteTeam "Echiquier Bordelais"]
[BlackTeam "Tours"]

1. e4 e6 2. d4 d5 3. Nc3 Bb4 4. e5 c5 5. a3 Bxc3+ 6. bxc3 Qc7 7. Bd2 Ne7 8. h4
Nbc6 9. Nf3 Bd7 10. h5 h6 11. Rh4 O-O-O 12. Rb1 f6 13. exf6 gxf6 14. dxc5 e5
15. Ra4 Kb8 16. Qc1 Ka8 17. Qb2 e4 18. Bf4 Ne5 19. Nxe5 Bxa4 20. Ng6 Qd7 21.
Nxh8 Rxh8 22. Bb5 Bxb5 23. Qxb5 Qxb5 24. Rxb5 Nc6 25. Be3 Kb8 1/2-1/2

[Event "Nationale I"]
[Site "Bordeaux"]
[Date "2011.11.13"]
[Round "3.5"]
[White "Devallee, Jeremie"]
[Black "Passager, Jean Pierre"]
[Result "1/2-1/2"]
[WhiteElo "2125"]
[BlackElo "2215"]
[PlyCount "101"]
[EventDate "2011.11.12"]
[EventType "team"]
[EventCountry "FRA"]
[SourceDate "2011.11.20"]
[WhiteTeam "Tours"]
[BlackTeam "Echiquier Bordelais"]

1. e4 e6 2. Nf3 d5 3. e5 c5 4. b4 cxb4 5. a3 b3 6. c3 Qb6 7. Bb2 Nc6 8. d4 Na5
9. Nbd2 Bd7 10. a4 Rc8 11. Be2 Ne7 12. O-O g6 13. Kh1 Bg7 14. Qb1 O-O 15. Ba3
Rfe8 16. Bc5 Qc7 17. Nxb3 Nxb3 18. Qxb3 b6 19. Bb4 Bc6 20. g4 Bb7 21. Rac1 Nc6
22. g5 Nxb4 23. Qxb4 Bf8 24. Qb2 Qe7 25. Qd2 Qa3 26. h4 Rc7 27. Rc2 Rec8 28.
Rfc1 Qxa4 29. Nh2 Ba3 30. Rg1 Qb3 31. Rg3 Bb4 32. Ng4 Bxc3 33. Rcxc3 Rxc3 34.
Qf4 Qb1+ 35. Kh2 R3c7 36. h5 gxh5 37. Bd3 Qc1 38. Nf6+ Kh8 39. Qh4 Qd1 40. g6
fxg6 41. Nxh7 Rf7 42. Kg2 Qxd3 43. Rxd3 Kxh7 44. Rf3 Rcf8 45. Rxf7+ Rxf7 46.
Qd8 Bc6 47. Qd6 Bd7 48. Qc7 a5 49. Qxb6 a4 50. Qd8 Kg7 51. Kg3 $11 1/2-1/2

[Event "Nationale I"]
[Site "Bordeaux"]
[Date "2011.11.13"]
[Round "3.6"]
[White "Ternault, Mathieu"]
[Black "Gaborit, Jean Pierre"]
[Result "1-0"]
[WhiteElo "2099"]
[BlackElo "2219"]
[PlyCount "69"]
[EventDate "2011.11.12"]
[EventType "team"]
[EventCountry "FRA"]
[SourceDate "2011.11.20"]
[WhiteTeam "Echiquier Bordelais"]
[BlackTeam "Tours"]

1. d4 Nf6 2. c4 g6 3. Nc3 d5 4. cxd5 Nxd5 5. e4 Nxc3 6. bxc3 Bg7 7. Nf3 O-O 8.
Be2 c5 9. Rb1 Nc6 10. d5 Bxc3+ 11. Bd2 Bxd2+ 12. Qxd2 Na5 13. h4 Bg4 14. Qh6
Bxf3 15. gxf3 e5 16. Kf1 Qf6 17. h5 Qf4 18. Qxf4 exf4 19. hxg6 fxg6 20. Ke1
Rad8 21. Kd2 b6 22. Kc3 Kg7 23. Bb5 Rf7 24. Rbe1 Re7 25. Reg1 h6 26. Rh4 Rf7
27. Rd1 g5 28. Rh5 a6 29. Bxa6 Nc6 30. Rdh1 Nb4 31. Bc4 Ra8 32. Rxh6 Nxa2+ 33.
Kb2 Nb4 34. Rh7+ Kf6 35. R1h6+ 1-0

[Event "Nationale I"]
[Site "Bordeaux"]
[Date "2011.11.13"]
[Round "3.7"]
[White "Dutreuil, Raphael"]
[Black "Daumens, Michel"]
[Result "1/2-1/2"]
[WhiteElo "1941"]
[BlackElo "2148"]
[PlyCount "54"]
[EventDate "2011.11.12"]
[EventType "team"]
[EventCountry "FRA"]
[SourceDate "2011.11.20"]
[WhiteTeam "Tours"]
[BlackTeam "Echiquier Bordelais"]

1. d4 Nf6 2. c4 e6 3. Nf3 b6 4. g3 Bb4+ 5. Bd2 a5 6. Bg2 Bb7 7. O-O Bxd2 8.
Nbxd2 O-O 9. Qc2 d5 10. Ne5 Nfd7 11. Ndf3 f6 12. Nd3 Na6 13. cxd5 exd5 14. Nf4
Re8 15. Bh3 Nf8 16. Rac1 c6 17. Rfe1 Qe7 18. a3 Nb8 19. Qb3 Nbd7 20. e4 $11 a4
21. Qc2 Qd6 22. exd5 cxd5 23. Qb1 g6 24. Rxe8 Rxe8 25. Re1 Re4 26. Re3 Kg7 27.
Qc2 Rxe3 1/2-1/2

[Event "Nationale I"]
[Site "Bordeaux"]
[Date "2011.11.13"]
[Round "3.8"]
[White "Boutant, Jade"]
[Black "Duval, Claire"]
[Result "0-1"]
[WhiteElo "1785"]
[BlackElo "1698"]
[PlyCount "87"]
[EventDate "2011.11.12"]
[EventType "team"]
[EventCountry "FRA"]
[SourceDate "2011.11.20"]
[WhiteTeam "Echiquier Bordelais"]
[BlackTeam "Tours"]

1. c4 e6 2. g3 Nf6 3. Bg2 d5 4. Nf3 Be7 5. O-O Nbd7 6. b3 c6 7. Bb2 Qc7 8. d3
O-O 9. Nbd2 Re8 10. Rc1 b6 11. Nd4 e5 12. Nf5 d4 13. Nxe7+ Rxe7 14. Ba3 Re8 15.
Ne4 Nxe4 16. Bxe4 Bb7 17. Qd2 a5 18. Qg5 h6 19. Qf5 Nf6 20. Bh1 Bc8 21. Qf3 Bd7
22. e3 Rac8 23. Qe2 dxe3 24. Qxe3 c5 25. Rfe1 Ng4 26. Qe2 f5 27. Bb2 e4 28.
dxe4 fxe4 29. Qc2 Rf8 30. Re2 e3 31. fxe3 Rce8 32. Rce1 Bc8 33. Bd5+ Kh8 34.
Qc3 Ne5 35. Rf2 Rxf2 36. Kxf2 Bh3 37. Kg1 Ng4 38. e4 Qe7 39. Qd2 Rf8 40. Qc3
Rf2 41. e5 Qf8 42. Qc1 Rg2+ 43. Bxg2 Qf2+ 44. Kh1 0-1

[Event "Nationale I"]
[Site "Agneaux"]
[Date "2011.11.12"]
[Round "2.1"]
[White "Jolly, Jean Francois"]
[Black "Delorme, Axel"]
[Result "0-1"]
[WhiteElo "2385"]
[BlackElo "2443"]
[PlyCount "68"]
[EventDate "2011.11.12"]
[EventType "team"]
[EventCountry "FRA"]
[SourceDate "2011.11.20"]
[WhiteTeam "Agneaux St Lô"]
[BlackTeam "Clichy"]

1. e4 e5 2. Nf3 Nc6 3. Bb5 a6 4. Ba4 Nge7 5. c3 g6 6. d4 exd4 7. cxd4 b5 8. Bb3
Bg7 9. O-O O-O 10. Re1 d6 11. h3 Bb7 12. Nc3 Na5 13. a4 b4 14. Nd5 Nxb3 15.
Nxe7+ Qxe7 16. Qxb3 a5 17. d5 Rae8 18. Bf4 Qf6 19. Bc1 c6 20. dxc6 Bxc6 21. Qd3
h6 22. Ra2 Qe6 23. Ra1 Bxe4 24. Qb5 Qd5 25. Qxd5 Bxd5 26. Rd1 Bxf3 27. gxf3 Re2
28. Rb1 Rfe8 29. Kf1 d5 30. b3 d4 31. Be3 Rc2 32. Rd2 Rec8 33. Rxc2 Rxc2 34.
Bc1 Bf6 0-1

[Event "Nationale I"]
[Site "Agneaux"]
[Date "2011.11.12"]
[Round "2.3"]
[White "Bouget, Alexandre"]
[Black "Mullon, Jean Baptiste"]
[Result "0-1"]
[WhiteElo "2153"]
[BlackElo "2398"]
[PlyCount "76"]
[EventDate "2011.11.12"]
[EventType "team"]
[EventCountry "FRA"]
[SourceDate "2011.11.20"]
[WhiteTeam "Agneaux St Lô"]
[BlackTeam "Clichy"]

1. d4 d5 2. c4 c6 3. Nc3 Nf6 4. Nf3 dxc4 5. a4 Bf5 6. Ne5 Nbd7 7. Nxc4 Nb6 8.
Ne5 a5 9. g3 e6 10. Bg2 Bb4 11. O-O O-O 12. e3 Nfd7 13. e4 Bg6 14. Nxg6 hxg6
15. h4 e5 16. Bg5 Be7 17. Bxe7 Qxe7 18. d5 Qb4 19. Qe2 Nc5 20. h5 gxh5 21. Qxh5
Rfe8 22. Bf3 g6 23. Qh4 Kg7 24. dxc6 bxc6 25. Rad1 Ne6 26. Ne2 Nxa4 27. Kg2 Rh8
28. Qg4 Nxb2 29. Rd7 Rae8 30. Rc1 Nc4 31. Rcd1 Re7 32. Nc1 Rxd7 33. Rxd7 Qe1
34. Rd1 Qc3 35. Ne2 Qb3 36. Rd7 Re8 37. Qh4 Nf8 38. Nc1 Qc2 0-1

[Event "Nationale I"]
[Site "Agneaux"]
[Date "2011.11.12"]
[Round "2.4"]
[White "Pujos, Stephane"]
[Black "Amoyal, Pierre"]
[Result "1-0"]
[WhiteElo "2333"]
[BlackElo "2188"]
[PlyCount "61"]
[EventDate "2011.11.12"]
[EventType "team"]
[EventCountry "FRA"]
[SourceDate "2011.11.20"]
[WhiteTeam "Clichy"]
[BlackTeam "Agneaux St Lô"]

1. e4 e5 2. Bc4 Nf6 3. d4 Nc6 4. d5 Na5 5. Bd3 c5 6. c4 b6 7. Nc3 d6 8. f4 a6
9. Nf3 Qc7 10. O-O h6 11. Kh1 Be7 12. Qc2 Bd7 13. b3 Bg4 14. fxe5 dxe5 15. Nxe5
Qxe5 16. Bf4 Qh5 17. e5 O-O 18. exf6 Bxf6 19. Rae1 Bh4 20. Re5 f5 21. Re6 Rf6
22. Rxf6 Bxf6 23. Bg3 Re8 24. d6 Nc6 25. Nd5 Be5 26. Bxe5 Rxe5 27. Qf2 Qe8 28.
h3 Nb4 29. Nxb4 cxb4 30. hxg4 fxg4 31. d7 1-0

[Event "Nationale I"]
[Site "Agneaux"]
[Date "2011.11.12"]
[Round "2.4"]
[White "Auvray, Simon"]
[Black "Coste, Thierry"]
[Result "1/2-1/2"]
[WhiteElo "2009"]
[BlackElo "2160"]
[PlyCount "61"]
[EventDate "2011.11.12"]
[EventType "team"]
[EventCountry "FRA"]
[SourceDate "2011.11.20"]
[WhiteTeam "Agneaux St Lô"]
[BlackTeam "Clichy"]

1. e4 c5 2. Nf3 g6 3. c3 Bg7 4. d4 cxd4 5. cxd4 d5 6. e5 Nc6 7. Nc3 Nh6 8. Bf4
Bg4 9. Qd2 Nf5 10. Be2 Bxf3 11. Bxf3 e6 12. Ne2 Qb6 13. Rd1 f6 14. Bg4 O-O 15.
Bxf5 exf5 16. exf6 Bxf6 17. O-O Rfe8 18. Rfe1 Rad8 19. b3 Rd7 20. Nc3 Rxe1+ 21.
Qxe1 Re7 22. Qd2 Qa5 23. b4 Qd8 24. b5 Na5 25. Qd3 Nc4 26. Qf3 Rd7 27. h3 Kg7
28. Qe2 Re7 29. Qf3 Rd7 30. Qe2 Re7 31. Qf3 1/2-1/2

[Event "Nationale I"]
[Site "Agneaux"]
[Date "2011.11.12"]
[Round "2.109"]
[White "Daurelle, Herve"]
[Black "Ozenne, Corentin"]
[Result "1-0"]
[WhiteElo "2145"]
[BlackElo "2094"]
[PlyCount "57"]
[EventDate "2011.11.12"]
[EventType "team"]
[EventCountry "FRA"]
[SourceDate "2011.11.20"]
[WhiteTeam "Clichy"]
[BlackTeam "Agneaux St Lô"]

1. e4 c5 2. Nf3 d6 3. d4 cxd4 4. Nxd4 Nf6 5. Nc3 a6 6. Bg5 e6 7. f4 Nc6 8. Nxc6
bxc6 9. e5 h6 10. Bh4 g5 11. fxg5 Nd5 12. Ne4 Qb6 13. c3 Qxb2 14. Rb1 Qxa2 15.
g6 fxg6 16. Bd3 Nf4 17. Nf6+ Kf7 18. Bxg6+ Nxg6 19. O-O Nxh4 20. Qh5+ Ng6 21.
Ne8+ Kxe8 22. Qxg6+ Kd8 23. Qf6+ Kd7 24. Qxh8 Be7 25. exd6 Kxd6 26. Rfd1+ Qd5
27. c4 Qxd1+ 28. Rxd1+ Kc5 29. Qd4+ 1-0

[Event "Nationale I"]
[Site "Agneaux"]
[Date "2011.11.12"]
[Round "2.7"]
[White "Auvray, Juliette"]
[Black "Kirk, Ezra"]
[Result "0-1"]
[WhiteElo "1977"]
[BlackElo "2145"]
[PlyCount "70"]
[EventDate "2011.11.12"]
[EventType "team"]
[EventCountry "FRA"]
[SourceDate "2011.11.20"]
[WhiteTeam "Agneaux St Lô"]
[BlackTeam "Clichy"]

1. e4 c5 2. Nf3 Nc6 3. d4 cxd4 4. Nxd4 g6 5. Nc3 Bg7 6. Be3 Nf6 7. Bc4 Qa5 8.
O-O O-O 9. Bb3 d6 10. h3 Bd7 11. f4 Nxd4 12. Bxd4 Bc6 13. Qd3 Nd7 14. Bxg7 Kxg7
15. Qd4+ Kg8 16. Nd5 Bxd5 17. Bxd5 Qc7 18. Rf2 a5 19. a3 Rac8 20. Raf1 b5 21.
h4 Qc5 22. Qd3 Nf6 23. Qf3 e6 24. Bb7 Rc7 25. e5 dxe5 26. fxe5 Qxe5 27. Bc6 Ng4
28. Qxg4 Rxc6 29. Qf3 Rc4 30. g3 Qxb2 31. h5 Qc3 32. hxg6 hxg6 33. Qg2 Qxa3 34.
Qh3 Qe3 35. Kg2 Rxc2 0-1

[Event "Nationale I"]
[Site "Agneaux"]
[Date "2011.11.12"]
[Round "2.8"]
[White "Bonvalot, Isabelle"]
[Black "Bollard, Maxime"]
[Result "0-1"]
[WhiteElo "1901"]
[BlackElo "2006"]
[PlyCount "166"]
[EventDate "2011.11.12"]
[EventType "team"]
[EventCountry "FRA"]
[SourceDate "2011.11.20"]
[WhiteTeam "Clichy"]
[BlackTeam "Agneaux St Lô"]

1. e4 e6 2. d4 d5 3. e5 c5 4. c3 Qb6 5. a3 Nc6 6. Nf3 Bd7 7. Be2 Nh6 8. b4 cxd4
9. Bxh6 gxh6 10. cxd4 Rc8 11. O-O Nb8 12. Qd3 Ba4 13. Nc3 Bb3 14. Nd2 Bc4 15.
Nxc4 Rxc4 16. Qe3 Rc8 17. Rac1 Nc6 18. Na4 Qd8 19. Bh5 Bg7 20. Nc5 Qe7 21. f4
b6 22. Nd3 O-O 23. f5 Qg5 24. Nf4 exf5 25. Rf3 Nxd4 26. Rg3 Rxc1+ 27. Qxc1 Qh4
28. Qe3 Ne6 29. Nxd5 Kh8 30. Rh3 Qd4 31. Ne7 Qxe3+ 32. Rxe3 f4 33. Re1 Nd4 34.
Re4 Ne6 35. Nd5 Kg8 36. Nf6+ Bxf6 37. exf6 Rc8 38. Re5 Rc1+ 39. Kf2 Rc2+ 40.
Be2 Rd2 41. Re4 Kf8 42. a4 Nd4 43. a5 bxa5 44. bxa5 Nxe2 45. Rxe2 Rd6 46. Kf3
Rxf6 47. Re5 Kg7 48. Re7 a6 49. Ra7 Kg6 50. Ke4 Kg5 51. Ra8 Re6+ 52. Kf3 Kf5
53. Ra7 Rf6 54. Re7 h5 55. Re8 Re6 56. Ra8 h6 57. Ra7 f6 58. Ra8 h4 59. Rh8
Re3+ 60. Kf2 Re5 61. Rxh6 Kg5 62. Rh8 Rxa5 63. Ra8 Ra1 64. Rc8 a5 65. Rc5+ f5
66. h3 a4 67. Ra5 a3 68. Ra6 a2 69. Ra5 Kf6 70. Ra6+ Ke5 71. Ra5+ Kd4 72. Ra8
Kc5 73. Ra7 Kb4 74. Ra8 f3 75. Rb8+ Kc5 76. Rc8+ Kb6 77. Ra8 f4 78. Ra3 fxg2
79. Kxg2 f3+ 80. Kf2 Rh1 81. Rxa2 Rh2+ 82. Kxf3 Rxa2 83. Kg4 Ra4+ 0-1

[Event "Nationale I"]
[Site "Agneaux"]
[Date "2011.11.12"]
[Round "2.1"]
[White "Pham Minh, Hoang"]
[Black "Roser, Kevin"]
[Result "1-0"]
[WhiteElo "2488"]
[BlackElo "2449"]
[PlyCount "53"]
[EventDate "2011.11.12"]
[EventType "team"]
[EventCountry "FRA"]
[SourceDate "2011.11.20"]
[WhiteTeam "Sautron"]
[BlackTeam "Issy Moulineaux"]

1. d4 Nf6 2. Bg5 e6 3. Nd2 h6 4. Bh4 c5 5. e3 cxd4 6. exd4 Be7 7. Bd3 b6 8. Ne2
Bb7 9. O-O O-O 10. c3 d6 11. Bg3 Nbd7 12. Nc4 Qc7 13. f3 Rfe8 14. Qd2 Bf8 15.
Rae1 Rad8 16. Ne3 g6 17. Bh4 e5 18. Ng4 Be7 19. Nxh6+ Kg7 20. Ng3 Rh8 21. Qg5
Kf8 22. Nxf7 Kxf7 23. Qxg6+ Kf8 24. Bg5 Bd5 25. Nf5 Rh7 26. Bh6+ Rxh6 27. Qg7+
1-0

[Event "Nationale I"]
[Site "Agneaux"]
[Date "2011.11.12"]
[Round "2.2"]
[White "Cotonnec, Melkior"]
[Black "Tripoteau, Nicolas"]
[Result "1-0"]
[WhiteElo "2315"]
[BlackElo "2392"]
[PlyCount "107"]
[EventDate "2011.11.12"]
[EventType "team"]
[EventCountry "FRA"]
[SourceDate "2011.11.20"]
[WhiteTeam "Issy Moulineaux"]
[BlackTeam "Sautron"]

1. d4 Nf6 2. c4 c5 3. Nf3 cxd4 4. Nxd4 b6 5. Nc3 Bb7 6. f3 e6 7. e4 d6 8. Be3
a6 9. Qd2 Nbd7 10. Be2 Rc8 11. O-O Be7 12. Rfd1 O-O 13. Rac1 Qc7 14. Bf1 Qb8
15. a3 Kh8 16. b4 Rg8 17. Nb3 Bc6 18. a4 Ne5 19. Qf2 g5 20. h3 Bd8 21. Rb1 h5
22. Bd4 g4 23. hxg4 hxg4 24. f4 Ng6 25. Bd3 e5 26. Be3 g3 27. Qxg3 exf4 28.
Qh2+ Kg7 29. Bxf4 Nxf4 30. Qxf4 a5 31. Nd4 Bd7 32. Rf1 b5 33. Nd5 Qa7 34. Qf2
Nxd5 35. Qxf7+ Kh6 36. Qxd5 Bg5 37. c5 Be3+ 38. Kh1 Rh8 39. Nf3 Bf4 40. Nh2 Be5
41. Bxb5 Kg5 42. g3 axb4 43. Bxd7 Qxd7 44. Rf5+ Kg6 45. Rxe5 Rxc5 46. Re6+ Kg7
47. Qd4+ Kg8 48. Rg6+ Kh7 49. Rh6+ Kxh6 50. Qxh8+ Kg6 51. Qg8+ Kh5 52. Rxb4
Rc1+ 53. Kg2 Rc2+ 54. Kf3 1-0

[Event "Nationale I"]
[Site "Agneaux"]
[Date "2011.11.12"]
[Round "2.3"]
[White "Delorme, Alban"]
[Black "Piankov, Evgenij"]
[Result "0-1"]
[WhiteElo "2277"]
[BlackElo "2356"]
[PlyCount "74"]
[EventDate "2011.11.12"]
[EventType "team"]
[EventCountry "FRA"]
[SourceDate "2011.11.20"]
[WhiteTeam "Sautron"]
[BlackTeam "Issy Moulineaux"]

1. e4 c6 2. d4 d5 3. Nc3 dxe4 4. Nxe4 Bf5 5. Ng3 Bg6 6. f4 e6 7. Nf3 Ne7 8. Bd3
Nd7 9. O-O Nf6 10. c4 Bxd3 11. Qxd3 g6 12. b3 Bg7 13. Bb2 O-O 14. Rae1 Qa5 15.
Bc3 Qc7 16. Ng5 Rfe8 17. Qe2 Nf5 18. Qb2 Nxg3 19. hxg3 Ng4 20. Ne4 Rad8 21. Re2
b5 22. Rfe1 b4 23. Rd2 bxc3 24. Qxc3 h5 25. c5 Rd5 26. Nd6 Rd8 27. b4 Nh6 28.
Re5 Bf8 29. Ne4 Bg7 30. Nd6 Bxe5 31. fxe5 a5 32. b5 cxb5 33. Nxb5 Qe7 34. Qxa5
Qg5 35. Nd6 Qe3+ 36. Kh2 Rb8 37. Qc7 Rf8 0-1